000 00938nam a2200229 a 4500
001 59896
003 BD-RjUL
005 20211209080759.0
008 161227s2006 bg ||||| |||| 00| 0 ben d
020 _a9843230818
_c: Tk. 100.00
035 _a(BD-RjUL) 60020
040 _aBD-RjUL
_bben
_cBD-RjUL
041 _aben
082 _223
_a364.131
_bHOD 2006
100 1 _aহোসেন, মোহাম্মদ আজাম্মুল
_9175793
245 1 0 _aদুর্বৃত্তপনা রাজনীতির বাংলাদেশের কিছু হাল-হকিকত /
_cমোহাম্মদ আজাম্মুল হোসেন
260 _aঢাকা :
_bনাফি পাবলিকেশন,
_c২০০৬
300 _a[৮], ১৬৩পৃ. ;
_c২১ সেমি.
650 _aরাজনৈতিক অপরাধ
_9178187
650 _aPolitical Offenses
_9178188
942 _2ddc
_cBK
999 _c59896
_d59896